<?xml version="1.0" encoding="UTF-8"?>
<record
    xmlns:xsi="http://www.w3.org/2001/XMLSchema-instance"
    xsi:schemaLocation="http://www.loc.gov/MARC21/slim http://www.loc.gov/standards/marcxml/schema/MARC21slim.xsd"
    xmlns="http://www.loc.gov/MARC21/slim">

  <leader>00509    a2200181   4500</leader>
  <controlfield tag="003">OSt</controlfield>
  <controlfield tag="005">20230915103051.0</controlfield>
  <controlfield tag="008">230825b        |||||||| |||| 00| 0 eng d</controlfield>
  <datafield tag="020" ind1=" " ind2=" ">
    <subfield code="a">9789353162184</subfield>
  </datafield>
  <datafield tag="040" ind1=" " ind2=" ">
    <subfield code="c">oclc</subfield>
  </datafield>
  <datafield tag="082" ind1=" " ind2=" ">
    <subfield code="a">658.15</subfield>
    <subfield code="b">KHA/F</subfield>
  </datafield>
  <datafield tag="100" ind1=" " ind2=" ">
    <subfield code="a">Khan, M Y</subfield>
    <subfield code="9">1004</subfield>
  </datafield>
  <datafield tag="245" ind1=" " ind2=" ">
    <subfield code="a">Financial Management/</subfield>
    <subfield code="c"> M Y Khan, P K Jain.</subfield>
  </datafield>
  <datafield tag="250" ind1=" " ind2=" ">
    <subfield code="a">8th ed.</subfield>
  </datafield>
  <datafield tag="260" ind1=" " ind2=" ">
    <subfield code="a">Chennai:</subfield>
    <subfield code="b">Mcgraw hill,</subfield>
    <subfield code="c">2023.</subfield>
  </datafield>
  <datafield tag="700" ind1=" " ind2=" ">
    <subfield code="a">Jain, P K</subfield>
    <subfield code="9">1158</subfield>
  </datafield>
  <datafield tag="942" ind1=" " ind2=" ">
    <subfield code="2">ddc</subfield>
    <subfield code="c">BK</subfield>
    <subfield code="h">658.15</subfield>
    <subfield code="i">KHA/F</subfield>
    <subfield code="k">658.15</subfield>
    <subfield code="m">KHA/F</subfield>
  </datafield>
  <datafield tag="952" ind1=" " ind2=" ">
    <subfield code="0">0</subfield>
    <subfield code="1">0</subfield>
    <subfield code="2">ddc</subfield>
    <subfield code="4">0</subfield>
    <subfield code="7">0</subfield>
    <subfield code="8">MANAGEMENT</subfield>
    <subfield code="a">MES</subfield>
    <subfield code="b">MES</subfield>
    <subfield code="c">MANAGEMENT</subfield>
    <subfield code="d">2023-08-25</subfield>
    <subfield code="l">0</subfield>
    <subfield code="o">658.15 KHA/F</subfield>
    <subfield code="p">42181</subfield>
    <subfield code="r">2023-08-25 12:36:32</subfield>
    <subfield code="t">1</subfield>
    <subfield code="v">1130.00</subfield>
    <subfield code="w">2023-08-25</subfield>
    <subfield code="y">BK</subfield>
    <subfield code="z">GL57R4</subfield>
  </datafield>
  <datafield tag="952" ind1=" " ind2=" ">
    <subfield code="0">0</subfield>
    <subfield code="1">0</subfield>
    <subfield code="2">ddc</subfield>
    <subfield code="4">0</subfield>
    <subfield code="7">0</subfield>
    <subfield code="8">MANAGEMENT</subfield>
    <subfield code="a">MES</subfield>
    <subfield code="b">MES</subfield>
    <subfield code="c">MANAGEMENT</subfield>
    <subfield code="d">2023-08-25</subfield>
    <subfield code="l">0</subfield>
    <subfield code="o">658.15 KHA/F</subfield>
    <subfield code="p">42182</subfield>
    <subfield code="r">2023-08-25 12:36:32</subfield>
    <subfield code="t">2</subfield>
    <subfield code="v">1130.00</subfield>
    <subfield code="w">2023-08-25</subfield>
    <subfield code="y">BK</subfield>
    <subfield code="z">GL57R4</subfield>
  </datafield>
  <datafield tag="999" ind1=" " ind2=" ">
    <subfield code="c">41974</subfield>
    <subfield code="d">41974</subfield>
  </datafield>
</record>
